000 00350nam a2200133Ia 4500
005 20260328104304.0
008 260328s9999||||xx |||||||||||||| ||und||
100 _aBiesanz, John
245 0 _aLa Sociedad Moderna :
_b Introducción a la Sociología /
_cJohn Biesanz
260 _bLetras
300 _a810 p.
650 _aESTADOS UNIDOS
942 _cBK
999 _c10693
_d10693